Latin Verb Conjugation – Active Subjunctive - Statistics

General Stats
  • This quiz has been taken 175 times
  • The average score is 73 of 144
Answer Stats
Person vetāre % Correct
3 pl. vetent
90%
3 sing. vetet
90%
1 sing. vetem
89%
1 pl. vetēmus
89%
2 sing. vetēs
89%
2 pl. vetētis
89%
1 sing. vetārem
81%
2 sing. vetārēs
81%
3 sing. vetāret
81%
1 pl. vetārēmus
79%
3 pl. vetārent
79%
2 pl. vetārētis
79%
respondeam
73%
sentiam
73%
respondeās
72%
respondeat
72%
sentiāmus
72%
sentiant
72%
sentiās
72%
sentiat
72%
sentiātis
72%
surgam
72%
surgāmus
72%
surgant
72%
surgās
72%
surgat
72%
surgātis
72%
respondeāmus
71%
respondeant
71%
respondeātis
71%
respondērem
69%
respondērēs
67%
respondēret
67%
respondērēmus
65%
respondērent
65%
respondērētis
65%
surgerem
64%
surgerēmus
63%
surgerent
63%
surgeret
63%
surgerētis
63%
sentīrem
62%
sentīrēmus
62%
sentīrent
62%
sentīrēs
62%
sentīret
62%
sentīrētis
62%
surgerēs
62%
vellem
62%
īrem
61%
īrēmus
60%
īrent
60%
īrēs
60%
īret
60%
īrētis
60%
vellēs
60%
vellet
60%
vellēmus
58%
vellent
57%
vellētis
57%
eam
53%
eāmus
53%
eant
53%
eās
53%
eat
53%
eātis
53%
responderim
46%
responderit
46%
responderīs
45%
responderīmus
44%
responderint
44%
responderītis
44%
velīs
44%
velim
43%
velīmus
43%
velint
43%
velit
43%
velītis
43%
respondissem
42%
respondisset
40%
respondissēmus
39%
respondissent
39%
respondissēs
39%
respondissētis
39%
1 sing. vetuerim
38%
1 pl. vetuerīmus
38%
3 pl. vetuerint
38%
2 sing. vetuerīs
38%
3 sing. vetuerit
38%
2 pl. vetuerītis
38%
sēnsissem
37%
sēnsissēmus
37%
sēnsissent
37%
sēnsisset
37%
sēnsissētis
37%
1 sing. vetuissem
37%
1 pl. vetuissēmus
37%
3 pl. vetuissent
37%
2 sing. vetuissēs
37%
3 sing. vetuisset
37%
2 pl. vetuissētis
37%
sēnserim
36%
sēnserīmus
36%
sēnserint
36%
sēnserīs
36%
sēnserit
36%
sēnserītis
36%
sēnsissēs
36%
ierim
35%
ierīmus
35%
ierint
35%
ierīs
35%
ierit
35%
ierītis
35%
īssem
34%
īssēmus
34%
īssent
34%
īssēs
34%
īsset
34%
īssētis
34%
voluerim
34%
voluerīmus
34%
voluerint
34%
voluerīs
34%
voluerītis
34%
surrēxerim
33%
surrēxerīmus
33%
surrēxerint
33%
surrēxerīs
33%
surrēxerit
33%
surrēxerītis
33%
surrēxissem
33%
surrēxissēmus
33%
surrēxissent
33%
surrēxissēs
33%
surrēxisset
33%
surrēxissētis
33%
voluissem
33%
voluissēmus
33%
voluissent
33%
voluisset
33%
voluissētis
33%
voluissēs
31%
volulerit
3%
No matching quizzes found
Score Distribution
Percent of People with Each Score
Percentile by Number Answered
Your Score History
You have not taken this quiz